000
00308 a2200145 4500
001
177190
020
_a
040
_c
Magnum
100
_a
Weiner, Jonathan
240
1
0
_a
Os proximos 100 anos
_l
por
245
1
0
_a
Os proximos 100 anos
362
0
_a
1899
697
_a
MAGNITO: PARADIDATICOS
942
_c
BK
999
_c
177190
_d
177190